| 000 | 00384nam a2200133Ia 4500 | ||
|---|---|---|---|
| 008 | 220217s9999||||xx |||||||||||||| ||und|| | ||
| 020 | _a9788174092670 | ||
| 100 |
_aSharma, S.C _910080 |
||
| 245 | 0 | _aConstruction equipment and its management | |
| 250 | _a6 | ||
| 260 |
_aKhanna publishers _bNew Delhi _c2015 |
||
| 300 |
_aXXIII, 1027p. _b399 |
||
| 650 | _aConstruction Engineering | ||
| 999 |
_c188147 _d188147 |
||